[Event "Julian Borowski-A 4th"]
[Site "Essen"]
[Date "2002.05.16"]
[Round "1"]
[White "Kortschnoj, Viktor Lvovich"]
[Black "Fridman, Daniel"]
[Result "1-0"]
[WhiteElo "2635"]
[BlackElo "2571"]
[Annotator "Kortschnoj,V"]
[PlyCount "51"]
[EventDate "2002.05.16"]
[EventType "tourn"]
[EventRounds "9"]
[EventCountry "GER"]
[EventCategory "16"]
[SourceTitle "CBM 090"]
[Source "ChessBase"]
[SourceDate "2002.09.20"]
[SourceVersion "1"]
[SourceVersionDate "2002.09.20"]
[SourceQuality "1"]

1. d4 d5 2. c4 c6 3. Nf3 Nf6 4. e3 Bf5 5. Nc3 e6 6. Nh4 Be4 7. f3 Bg6 8. Qb3
Qb6 9. Nxg6 hxg6 10. Kf2 $146 {In fact this move is not a novelty. The idea
g2-g3+Kf2 had been played already by Ivanchuk and Karpov, so I simply try to
improve the move order.} Nbd7 11. g3 Qc7 12. cxd5 exd5 13. Kg2 Qb6 $6 {The
move does not look too consequent, but black was afraid, that after any
developing move like Be7 or Bd6 e3-e4 would follow with an edge to white. Still
} (13... Nb6 {instead could be recommended. If then} 14. e4 $6 dxe4 15. fxe4
Qd7 $1 {and it would be black who would take over the initiative.}) 14. Bd3
Qxb3 15. axb3 a6 {Preparing by long castling to equalize the position.} 16. e4
$1 dxe4 ({Or} 16... c5 17. exd5 cxd4 18. Nb5 Rc8 19. Re1+ Kd8 20. Nxd4 Nxd5 21.
Be4 $14 {/+/-}) 17. fxe4 c5 18. e5 {The only way. White has to try to exploit
a vulnerable position of the black king in the centre.} cxd4 19. exf6 dxc3 20.
Re1+ $1 {Important intermediary check!} Kd8 21. Rd1 Kc8 {Frankly, during the
game I have thought black had unsurmontable difficulties. I saw the following
lines:} (21... gxf6 $2 22. Bb5 $18) (21... Rh5 22. Be2 c2 23. Rd3 Rc5 24. Bg4
Rc7 25. Bf4 $18) (21... c2 22. Bxc2 gxf6 23. Be4 Rc8 24. Bxb7 Rc2+ 25. Rd2
Rxd2+ 26. Bxd2 Nc5 27. Bc3 Be7 28. Bxa6 $16) (21... Rc8 22. Bg5 gxf6 23. Bf5
gxf5 24. Bxf6+ Be7 25. Bxh8 {+/- But Yugoslav analysts went on with the last
line:} cxb2 26. Rab1 Rc2+ 27. Kh3 f6 $1 28. Bg7 Kc7 29. Bh6 Bb4 (29... Ba3 30.
Rd2 Rc3) 30. Rf1 Bc3 {- in both cases it would be white who finds himself in a
dangerous situation!}) ({So, after the strongest} 21... Rc8 {white has had
modestly to continue} 22. Be4 (22. bxc3 $145 {maybe, is the better move order.}
) 22... gxf6 23. bxc3 $1 {with full compensation for the pawn. I would dare to
put at the end the sign +/=.}) 22. Ra4 gxf6 $6 {In a difficult position black
fails to exploit all defensive possibilities. It is true, most of moves would
not yield many chances to resist, say} (22... Nc5 $2 23. Rc4 b5 24. fxg7 $18) (
{or} 22... Nxf6 $6 23. Rc4+ Kd7 24. Be4+ Ke6 25. Bxb7 $16) ({but after} 22...
Ne5 $1 {- the only move! -} 23. fxg7 Bxg7 24. bxc3 Rd8 {white would have had
only a small advantage in form of two bishops ...}) 23. Rc4+ Kb8 {This move is
losing on the spot. More stubborn was} (23... Kd8 24. Be4 c2 25. Rxc2 Rc8 26.
Rxc8+ Kxc8 27. Bxb7+ Kc7 28. Bxa6 Ne5 $16) 24. Be4 $18 Nb6 (24... Nc5 25. Be3
Rh5 26. Rd8+ Ka7 27. Rd7 $1 Rb8 28. b4 $18) 25. Rd8+ Ka7 26. Rc7 1-0

[Event "Julian Borowski-A 4th"]
[Site "Essen"]
[Date "2002.05.18"]
[Round "3"]
[White "Kortschnoj, Viktor Lvovich"]
[Black "Dautov, Rustem"]
[Result "1-0"]
[WhiteElo "2635"]
[BlackElo "2636"]
[Annotator "Dautov,R"]
[PlyCount "87"]
[EventDate "2002.05.16"]
[EventType "tourn"]
[EventRounds "9"]
[EventCountry "GER"]
[EventCategory "16"]
[SourceTitle "CBM 090"]
[Source "ChessBase"]
[SourceDate "2002.09.20"]
[SourceVersion "1"]
[SourceVersionDate "2002.09.20"]
[SourceQuality "1"]

1. d4 d5 2. c4 c6 3. Nf3 Nf6 4. e3 Bf5 5. Nc3 a6 {Eine seltene Fortsetzung,
deren Ziel ist es, die Modevariante 5...e6 6.Nh4 zu vermeiden.} 6. Bd2 ({Nach} 
6. Qb3 {hat Schwarz die Antwort} b5 7. cxd5 cxd5 8. a4 b4 $1 9. Qxb4 Nc6 10.
Qc5 Na5 $44) (6. Bd3 Bxd3 7. Qxd3 e6 8. O-O Be7 (8... b5 $5) 9. e4 O-O 10. Rd1
dxe4 11. Nxe4 Nbd7 {gibt Weiß einen Minivorteil.}) 6... e6 7. c5 $5 {
Kortschnoi schließt die Stellung. Seine Vorgehensweise ähnelt dem Spiel von
Schwarz in der Vorstoßvariante des Französischen. Zu Gunsten von Weiß ist die
Tatsache, daß der Nachziehende seinen Vorstoß e6-e5 noch nicht durchgesetzt
hat. Übermäßig gefährlich ist die weiße Strategie nicht, aber sie führt zu
einem interessanten Spiel.} (7. Nh4 Bg4 8. Qb3 b5 9. cxd5 cxd5 10. h3 Bh5 11.
g4 Bg6 (11... Nfd7 $5 12. Nxd5 $5 $13) 12. Nxg6 hxg6 13. Bg2 Nc6 $11) 7... Nbd7
8. b4 Be7 9. Be2 {Außer der Rochadevorbereitung beabsichtigt Weiß bei
Gelegenheit den Läuferabtausch mittels Nf3-h4.} Ne4 {Diese Reaktion sieht sehr
logisch aus.} ({Aber auch} 9... O-O {(oder zuerst 9...h6) war nicht schlecht:}
10. O-O ({Auf} 10. Nh4 $6 {hat Schwarz eine vorzügliche Antwort} Bg4 $1 (10...
Bg6 $2 11. Nxg6 hxg6 12. f4 $14) 11. Bxg4 (11. f3 $6 Bh5 12. f4 Bxe2 13. Qxe2
Ne4 $15) 11... Nxg4 12. Qxg4 Bxh4 $15 {, und der Abtausch der Leichtfiguren
ist günstig für ihn.}) 10... h6 11. a4 (11. Nh4 $6 Bh7 12. f4 Ne4 $15) 11...
Ne4 12. Nxe4 (12. b5 axb5 13. axb5 Rxa1 14. Qxa1 Nxd2 15. Nxd2 e5 16. Qa7 Bf6
17. Nb3 Qb8 $11) (12. Be1 b6 $1 13. Nxe4 Bxe4 14. cxb6 Qxb6 $11) 12... dxe4 $1
13. Ne1 (13. Ne5 Nxe5 14. dxe5 Qd5 15. Bc3 a5 $11) 13... e5 14. Nc2 exd4 15.
Nxd4 Bh7 $11) 10. Nxe4 Bxe4 (10... dxe4 $6 11. Ne5 Nxe5 12. dxe5 {ist etwas
besser für Weiß, da der schwarze Bf5 abseits des Geschehens steht, z.B:} a5 13.
a3 O-O 14. Bc3 Qxd1+ 15. Kxd1 axb4 16. axb4 Rxa1+ 17. Bxa1 Ra8 18. Kc2 $14) 11.
Bc3 Bf6 ({Sehr flexibel war die folgende Vorgehensweise:} 11... O-O 12. O-O Qc7
{(die Frage, welche Figur nach f6 zieht, bleibt offen)} 13. a4 ({nichts
verspricht dem Weißen} 13. Nd2 Bg6 14. f4 Nf6 15. a4 Ne4 16. Nxe4 Bxe4 $11)
13... b6 $5 {die Öffnung der b-Linie ist mit der schwarzen Kontrolle über das
Feld b1 begründet.} ({nicht schlecht ist} 13... Bg6 {/\Bf6,e5} 14. Qb3 (14. b5
axb5 15. axb5 b6 $11) 14... Bf6 15. b5 e5 $11) 14. Bd3 bxc5 15. bxc5 Bxd3 16.
Qxd3 e5 17. Nxe5 Nxe5 18. dxe5 Bxc5 19. Rfc1 Rfc8 $11) 12. O-O Bxf3 $6 {
Mit seinem Läuferpaar wird Weiß auf etwas Vorteil rechnen können.} ({Besser war
} 12... O-O 13. a4 (13. Nd2 Bg6 14. f4 Be7 15. a4 b6 $132) 13... Bxf3 (13... b6
$5) 14. Bxf3 e5 15. Bg4 Re8 16. Qd3 Qc7 $11 {Schwarz kontrolliert den Abtausch
im Zentrum, was ihm die gleichen Chancen sichert.}) 13. Bxf3 O-O ({Im Falle von
} 13... e5 14. Bg4 $1 exd4 (14... e4 15. a4 $14) (14... O-O $2 15. Bxd7 exd4
16. Bxc6 dxc3 17. Bxb7 $16) 15. exd4 O-O 16. a4 Re8 17. Qd3 {kann Weiß seine
Schwäche d4 problemlos decken und behält einen leichten Druck, z.B:} Nf8 18. b5
Qc7 19. bxc6 bxc6 20. g3 Ne6 21. Rab1 $14) 14. Bg4 $1 {Kortschnoi nutz sofort
seine Chance, um den Vorstoß e6-e5 zu verhindern.} Re8 ({Genauer war das
sofortige} 14... g6 $1) 15. f4 (15. a4 e5 16. Qb3 Qc7 $11) 15... a5 $1 {
Die Öffnung der a-Linie erleichtert Schwarz die Verteidigung.} ({Der andere
Plan, die Überführung des Springers nach e4, war etwas langsam und erlaubte
Weiß das planmäßige Vorgehen auf dem Damenflügel.} 15... g6 16. Qb3 Bg7 17. a4
f5 18. Bf3 Nf6 19. b5 axb5 (19... Ne4 20. Bxe4 dxe4 21. bxc6 bxc6 22. Rab1 Rb8
23. Qc4 $16) 20. axb5 Qd7 21. Ra3 $1 (21. b6 Ne4 $14) 21... cxb5 22. Rfa1 Rxa3
23. Rxa3 $14) 16. a3 (16. bxa5 $2 Nxc5) ({In Frage kam} 16. a4 $5 axb4 17. Bxb4
Qc7 18. a5 $14 {mit der weiteren Turmverdopplung auf der b-Linie.}) 16... Qc7
17. Qc2 $6 {Dank dieser Ungenauigkeit kann ich das Spiel erneut ausgleichen.} (
{Nach} 17. Qb3 $1 {(Kortschnoi)} axb4 18. axb4 b6 19. Ra3 $14 {behielt Weiß
die Kontrolle über die a-Linie und damit seinen leichten Vorteil.}) 17... axb4
18. axb4 b6 $11 {Mein Plan ist nun leicht zu sehen- Qb7,gefolgt vom Abtausch
aller vier Türme. Kortschnoi findet die beste Möglichkeit, das Spiel zu
komplizieren.} 19. Be2 (19. Ra2 $2 Rxa2 20. Qxa2 bxc5 21. bxc5 Nxc5 22. Ba5 Qa7
23. dxc5 Ra8 $17) ({Nichts brachte Weiß} 19. cxb6 Qxb6 20. Ra5 Be7 21. Rfa1
Rab8 22. Ra6 Qc7 $11 {, und die Schwächen b4 und c6 wiegen sich gegenseitig
aus.}) 19... Qb7 20. Bd3 g6 (20... h6 $5) 21. e4 $1 {Kortschnoi hat die
Schwäche c6 im Visier. Er hat richtig eingeschätzt, daß Schwarz keine Zeit für
die Überführung seines Springers auf das Traumfeld d5 haben wird.} (21. g4 Rxa1
22. Rxa1 Ra8 23. Rxa8+ Qxa8 24. Qb3 Bg7 $11) 21... dxe4 22. Bxe4 b5 $6 {
Solide und passiv gespielt.} ({Die Alternative} 22... bxc5 23. dxc5 {habe ich
verworfen, weil der rückständige weiße Bauer d4 vom Brett verschwände und mein
Springer passiv bliebe. Dennoch war seine Aktivierung möglich:} (23. bxc5 $2
Bg7 $15 {/\Nf6-d5}) 23... Rxa1 (23... Reb8 24. Rxa8 Rxa8 25. Rd1 $14) 24. Rxa1
Bxc3 (24... Rb8 25. Ra4 $14) 25. Qxc3 e5 $1 26. fxe5 Nxe5 27. h3 Qe7 $11) 23.
g4 $1 {Verhindert rechtzeitig die Springerüberführung nach d5.} Rxa1 24. Rxa1
Ra8 25. Rxa8+ Qxa8 26. g5 Bg7 {In der entstandenen Stellung muß Schwarz passiv
ausharren. Weiß kann dagegen einige Gewinnversuche unternehmen.} 27. Qe2 $2 ({
Während der Partie befürchtete ich} 27. h4 $1 {Wenn Schwarz stehen bleibt,
wird der weiße Bauer bis h6 marschieren, wonach der Durchbruch d4-d5
gewinnbringend werden kann.} {Ich wollte} Kf8 {spielen, aber nach} (27... h5 $2
28. gxh6 Bxh6 29. Bxg6 Bxf4 30. Be4 $16 {ist für Weiß günstig.}) (27... Qb8 $5
{"Fritz" verweist auf diese Möglichkeit, aber die Konsequenzen von} 28. Bxc6 (
28. Qd2 $2 Qc7 29. Kg2 h5 $11) 28... Qxf4 29. Qd2 {sind nicht leicht
einzuschätzen.}) 28. h5 gxh5 29. Bxh7 {bleibt Schwarz der schwache Bauer h5
erhalten.}) 27... Qa6 $6 ({Besser war es, die Dame zu aktivieren:} 27... Qa3
28. Qd2 Nb8 29. Kg2 Kf8 30. h4 h5 $11) 28. Kg2 Nb8 29. Qb2 Qa4 30. Bf3 Qa8 31.
Kg3 Qa7 32. h4 h5 $11 33. Kf2 (33. gxh6 $6 Bxh6 {braucht Schwarz bereits nicht
zu befürchten.}) 33... Kf8 $2 {Der erste Schritt in die falsche Richtung. Der
König ist auf g8 am besten aufgehoben und Schwarz sollte mit der Dame auf der
a-LInie pendeln. Jeder Gewinnversuch mittels eines Durchbruchs d4-d5 oder
f4-f5 wäre dann für Weiß mit hohem Risiko verbunden.} 34. Ke3 $2 ({Der Fehler
konnte sofort bestraft werden:} 34. d5 $1 Bxc3 35. Qxc3 cxd5 (35... exd5 36.
Qh8+ Ke7 37. f5 gxf5 38. g6 $1 $16) 36. f5 $1 exf5 (36... gxf5 37. Qh8+ Ke7 38.
g6 Qa2+ 39. Be2 $16) (36... Kg8 37. fxe6 fxe6 38. Qe5 $18) 37. Qh8+ Ke7 38.
Qf6+ Ke8 39. Bxd5 Qc7 $16 {, und Weiß bekommt einige Gewinnchancen.}) 34... Ke7
$4 {Dieser Patzer kann nicht mal mit Zeitnot erklärt werde, da ich hier noch
über vier Minuten Bedenkzeit verfügte.} ({Richtig war natürlich} 34... Kg8 $11)
35. d5 $18 Bxc3 36. d6+ Kd7 $2 ({Zäher war} 36... Kd8 37. Qxc3 Qd7 $18) 37.
Qxc3 Kc8 38. Qh8+ Kb7 39. Qd8 Qa3+ 40. Kf2 Qxb4 41. Qc7+ Ka8 42. d7 Qd2+ 43.
Kg3 Qe1+ 44. Kh3 1-0

[Event "Biel GM"]
[Site "Biel"]
[Date "2002.07.22"]
[Round "1"]
[White "Kortschnoj, Viktor Lvovich"]
[Black "Vallejo Pons, Francisco"]
[Result "1-0"]
[WhiteElo "2626"]
[BlackElo "2648"]
[Annotator "Lutz,C"]
[PlyCount "91"]
[EventDate "2002.07.22"]
[EventType "tourn"]
[EventRounds "10"]
[EventCountry "SUI"]
[EventCategory "16"]
[SourceTitle "CBM 091"]
[Source "ChessBase"]
[SourceDate "2002.11.12"]
[SourceVersion "1"]
[SourceVersionDate "2002.11.12"]
[SourceQuality "1"]

1. d4 d5 2. c4 e6 3. Nf3 Nf6 4. Nc3 c6 5. e3 Nbd7 6. Bd3 dxc4 7. Bxc4 b5 8. Bd3
Bb7 9. O-O a6 10. a4 b4 11. Ne4 c5 12. Ned2 Be7 13. Re1 (13. Qe2 Qc7 (13... O-O
14. Rd1 a5 $1 15. Nc4 Qc7 16. Bd2 Rfd8 17. Rac1 Qc6 $1 18. b3 Qd5 19. Be1 $6
cxd4 $1 20. exd4 Rdc8 $1 21. Bd2 Ne4 22. Re1 Nd6 $1 23. Qf1 Nxc4 24. bxc4 Qh5
25. Ne5 $2 Nxe5 26. Rxe5 Qh4 $1 27. f4 Bf6 28. g3 Bxe5 $1 29. dxe5 Qe7 30. Be3
Qd7 31. Be2 Qxa4 32. g4 b3 33. Kf2 Be4 34. Bd4 Rd8 35. Ke3 Bc2 36. Ra1 Qb4 {
0-1 Gruenfeld,E-Rubinstein,A/Meran 1924/EXT 99/[ChessBase] (36)}) 14. Rd1 O-O
15. Nc4 (15. a5 Rfd8 16. Nc4 Be4 17. b3 cxd4 18. exd4 Bxd3 19. Rxd3 Nd5 20. Bd2
Nf8 $11 21. g3 Rac8 22. Rc1 Qb7 23. Be1 Qb5 24. Rdd1 Nc3 25. Bxc3 bxc3 26. Rxc3
Bb4 27. Re3 Bxa5 28. Qa2 Bb4 29. Ra1 Ra8 30. Qa4 Ng6 31. Nfe5 Ne7 32. Nf3 Nd5
33. Rd3 Nc3 34. Qxb5 axb5 35. Rxa8 Rxa8 36. Ne3 f6 37. Nc2 Nd5 38. Nxb4 Nxb4
39. Rc3 Nd5 40. Rc2 Ra1+ 41. Kg2 Rd1 42. Rc5 b4 43. Rc2 Rd3 44. Rb2 g5 45. h3
h5 46. Nd2 Rxd4 47. Nc4 Rd3 48. Na5 h4 49. Re2 Kf7 50. Re1 e5 51. Re4 Kg6 52.
Kh2 hxg3+ 53. fxg3 Rd2+ 54. Kg1 Kf5 55. Re1 Rd3 56. Kf2 Nc3 57. Rf1 Ke4 58. Kg2
Nd5 59. Rf2 Ne3+ 60. Kh2 f5 61. Rb2 Kf3 62. Nc6 Rd5 63. Nxb4 Rd1 64. Nc6 Nf1+ {
0-1 Jakobsen,O-Khenkin,I/Senden 2001/CBM 84 ext (64)}) 15... Be4 16. Bd2 Bxd3
17. Qxd3 cxd4 18. exd4 Nb6 19. Rdc1 Nxc4 20. Rxc4 Qb7 21. Rac1 Nd5 22. b3 Bf6
23. Qe4 Qb6 24. h3 Rfd8 25. Rc5 h6 26. R1c4 Rab8 27. Qg4 Kf8 28. Be3 Qb7 29.
Bd2 Qb6 30. Qh5 Kg8 31. h4 Qb7 32. Qg4 Kh8 33. Kh1 Qb6 34. Qh5 Kg8 35. Ne5 Bxe5
36. dxe5 Ne7 37. Be3 Ng6 38. Qg4 Kh8 39. h5 Nf8 40. Rc7 Qa5 41. R4c5 Qb6 {
1-0 Pinter,J-Luther,T/Recklinghausen 1998/CBM 67 (41)}) 13... O-O 14. e4 $5 {
Eine interessante Konzeption. Kortschnoj opfert seinen Pd4 und spielt danach
so weiter, als wäre nicht passiert.} cxd4 15. e5 Nd5 16. Nb3 Rc8 17. Qe2 Qb6
18. a5 Qa7 {Schwarz verteidigt seinen Bauern, aber das Problem ist, dass nicht
klar ist, wie sein Spiel sich weiterentwickelt, da er nun an die Verteidigung
der Bauern a6, b4 und d4 gebunden ist. Dagegen hat Weiß Angriffsideen am
Königsflügel.} 19. h4 Rfe8 20. h5 f5 $5 {Weiß entwickelt am Königsflügel Druck,
er hat Ideen wie Qe4-g4 oder h5-h6 nebst Bg5. Daher entschließt Vallejo sich,
radikal alle Gefahren für seinen König aus dem Weg zu räumen.} 21. exf6 Bxf6 {
Das Problem für Schwarz ist nun, dass sein e-Bauer rückständig ist und er
somit eine weitere Schwäche verteidigen muss.} 22. Qe4 Nf8 23. Qg4 e5 24. Bd2
Qb8 25. Bf5 Rc7 26. Ng5 Qd8 27. Ne4 Bc8 28. Nbc5 {Weiß verbessert schrittweise
die Stellung seiner Figuren. Von d3 greift der weiße Springer die Bauern b4
und e5 an.} Rc6 29. Nd3 h6 30. Bxb4 $16 {Weiß hat nun endlich seinen Bauern
zurückgewonnen, seine positionellen Vorteile bleiben.} Be7 31. Bxe7 Rxe7 32.
Ng3 Nf6 33. Qf3 Qe8 34. Nb4 Rc5 35. Ne4 Bxf5 $2 (35... Nxe4 36. Bxe4 $16) 36.
Nxc5 $18 Bg4 37. Qb3+ Kh8 38. Nd5 Nxd5 39. Qxd5 Bxh5 40. Rac1 Ng6 41. Nd3 Kh7
42. Qe4 Qd7 43. f3 Kh8 44. Rc5 Qd6 45. Rc8+ Kh7 46. g4 1-0

[Event "EU-Cup 18th"]
[Site "Kallithea"]
[Date "2002.09.23"]
[Round "2.3"]
[White "Krasenkow, Michal"]
[Black "Kortschnoj, Viktor Lvovich"]
[Result "0-1"]
[WhiteElo "2662"]
[BlackElo "2626"]
[Annotator "Kortschnoj,V"]
[PlyCount "100"]
[EventDate "2002.09.22"]
[EventType "team-swiss"]
[EventRounds "7"]
[EventCountry "GRE"]
[SourceTitle "CBM 092"]
[Source "ChessBase"]
[SourceDate "2003.02.06"]
[SourceVersion "1"]
[SourceVersionDate "2003.02.06"]
[SourceQuality "1"]
[WhiteTeam "Warsaw Polonia"]
[BlackTeam "St Petersburg"]
[WhiteTeamCountry "POL"]
[BlackTeamCountry "RUS"]

1. d4 Nf6 2. c4 e6 3. Nf3 d5 4. Nc3 dxc4 5. Qa4+ c6 6. Qxc4 b5 7. Qd3 Nbd7 8.
e4 b4 9. Na4 Bb7 10. e5 Nd5 11. Ng5 $5 {This move is more or less a novelty.
Up to now white played here 11.Bg5, Bd2 or Be2.} h6 12. Ne4 Qa5 13. b3 N5b6 {
The well-known maneouvre - white knights controlling the square c5 must be
eliminated.} 14. Nac5 Nxc5 15. dxc5 Nd7 {An alternative was} (15... Bxc5 $5 16.
Qg3 Bd4 17. Nd6+ Kf8 18. Nxb7 Qd5) 16. Qg3 Nxc5 17. Nd2 $6 {Too optimistic.
After} (17. Nd6+ Bxd6 18. exd6 Rg8 19. Bb2 {or Be3 white would have had full
compensation for the sacrificed pawn.}) 17... Qd8 $1 {The move hinders normal
development of white pieces - in case of a natural 18.Bb2 black would simplify
the position by} (17... Qd8 18. Bb2 Qxd2+ 19. Kxd2 Ne4+ {[%cal Re4d2,Re4g3]})
18. Nc4 Qd4 19. Bb2 Qe4+ 20. Qe3 {Or 20.Be2 0-0-0 21.f3 Nd3 22.Kf1 Qf5-/+} (20.
Be2 O-O-O 21. f3 Nd3+ 22. Kf1 Qd5 $17) 20... Qxe3+ 21. fxe3 a5 {In an
opening|s skirmish black won a pawn. But the position is still unclear - black
pawns on the queen side are blockaded, some pieces, like Bb7 and Nc5, are
misplaced. Obviously, black is going to play a5-a4. In order to prevent it
white had to continue now 22.Bd4 or 22.Nb6 with a position, still difficult
for an evaluation...} 22. Rc1 $2 (22. Bd4) (22. Nb6) 22... a4 23. Nb6 Ra7 24.
bxa4 {24.Bd4? ab-+} (24. Bd4 $2 axb3 $19) 24... Nxa4 25. Nxa4 Rxa4 26. Bc4 Ra5
27. Kf2 Ba6 28. Bb3 Bb5 {Certainly c6-c5 had to be considered. But I disliked
the following line:} (28... c5 29. a3 $1 Be7 30. axb4 cxb4 31. Rc7 Bd8 32. Ra7
O-O 33. Ra1 Rxa1 34. Bxa1 Bd3 35. Bd4 {- the white pieces look extremely
active!}) 29. Bd4 Be7 30. Rhd1 O-O 31. Bc5 Bxc5 32. Rxc5 Rfa8 33. Rd4 {White
forces his opponent to sacrifice an exchange, what turns out to be very strong.
It is true, after some indifferent move like 33.Kg3 black would continue Ba4,
still with good winning chances.} Rxa2+ 34. Bxa2 Rxa2+ 35. Kg3 Rb2 $17 36. Rc1
b3 37. Rb4 Rc2 38. Ra1 Bc4 39. h4 {Immediate 39.e4, in order to prevent a
set-up Bd5+c6-c5-c4-c3, was more stubborn.} c5 40. Rb8+ Kh7 41. e4 Kg6 42. Ra7
Rc3+ 43. Kh2 (43. Kf2 Bd3 44. Ke3 Bc2+ 45. Kd2 (45. Kf4 Kh5 46. Rg8 b2 $19)
45... Rg3 $19) 43... Bd3 44. h5+ Kxh5 45. Rxf7 Bxe4 46. Rxg7 c4 47. Rb4 Rc2 48.
Kh3 Bg6 $19 49. Rgb7 Kg5 50. Kg3 Be4 0-1

[Event "Olympiad-35"]
[Site "Bled"]
[Date "2002.11.02"]
[Round "8.1"]
[White "Kortschnoj, Viktor Lvovich"]
[Black "Winants, Luc"]
[Result "1-0"]
[WhiteElo "2634"]
[BlackElo "2504"]
[PlyCount "81"]
[EventDate "2002.10.26"]
[EventType "team-swiss"]
[EventRounds "14"]
[EventCountry "SLO"]
[SourceTitle "EXT 2003"]
[Source "ChessBase"]
[SourceDate "2002.11.25"]
[SourceVersion "1"]
[SourceVersionDate "2002.11.25"]
[SourceQuality "1"]
[WhiteTeam "Switzerland"]
[BlackTeam "Belgium"]
[WhiteTeamCountry "SUI"]
[BlackTeamCountry "BEL"]

1. d4 Nf6 2. c4 e6 3. Nf3 b6 4. Nc3 Bb7 5. Bg5 Be7 6. Qc2 c5 7. dxc5 bxc5 8.
Rd1 d6 9. e3 Nbd7 10. Be2 Qb6 11. O-O O-O 12. Rd2 Rfd8 13. Rfd1 Nf8 14. Nb5 d5
15. Nc3 Rac8 16. cxd5 exd5 17. Bxf6 Bxf6 18. Nxd5 Bxd5 19. Rxd5 Rxd5 20. Rxd5
Qxb2 21. Qxb2 Bxb2 22. Bc4 Bf6 23. g4 h6 24. h4 g6 25. g5 hxg5 26. hxg5 Bg7 27.
Ne5 Bxe5 28. Rxe5 Rc7 29. Kf1 Kg7 30. Re8 Rb7 31. f4 Rc7 32. Ke2 Rb7 33. a3 Rc7
34. Kd2 Rd7+ 35. Kc3 Rc7 36. e4 Nh7 37. Bd5 Nf8 38. a4 c4 39. f5 gxf5 40. exf5
Nd7 41. Be4 1-0

[Event "Curacao 40th anniv op"]
[Site "Curacao"]
[Date "2002.11.23"]
[Round "5"]
[White "Kortschnoj, Viktor Lvovich"]
[Black "Sequera Paolini, Jose Rafael"]
[Result "1-0"]
[WhiteElo "2634"]
[BlackElo "2378"]
[PlyCount "63"]
[EventDate "2002.11.02"]
[EventType "swiss"]
[EventRounds "9"]
[EventCountry "AHO"]
[SourceTitle "CBM 091 Extra"]
[Source "ChessBase"]
[SourceDate "2003.01.09"]
[SourceVersion "1"]
[SourceVersionDate "2003.01.09"]
[SourceQuality "1"]

1. Nf3 f5 2. c4 Nf6 3. g3 e6 4. Bg2 Be7 5. O-O O-O 6. Nc3 c6 7. d3 d6 8. b4 e5
9. Rb1 Kh8 10. b5 c5 11. Ne1 Qe8 12. f4 Nbd7 13. Nc2 Qh5 14. Ne3 exf4 15. gxf4
Rf7 16. Rf3 Ng4 17. Rh3 Bh4 18. Qf1 Ndf6 19. Qf3 h6 20. Ncd5 Nxd5 21. cxd5 g5
22. Nc4 Qg6 23. fxg5 hxg5 24. Nxd6 Rh7 25. Bb2+ Nf6 26. Qe3 Bd7 27. Qe5 Rf8 28.
Rf1 g4 29. Rxh4 Rxh4 30. Nxf5 Bxf5 31. Rxf5 Rh6 32. d6 1-0

[Event "Warsaw AIG Life rapid qf4"]
[Site "Warsaw"]
[Date "2002.12.22"]
[Round "1"]
[White "Kortschnoj, Viktor Lvovich"]
[Black "Markowski, Tomasz"]
[Result "1-0"]
[WhiteElo "2634"]
[BlackElo "2549"]
[PlyCount "105"]
[EventDate "2002.12.22"]
[EventType "tourn (rapid)"]
[EventRounds "6"]
[EventCountry "POL"]
[EventCategory "14"]
[SourceTitle "CBM 092 Extra"]
[Source "ChessBase"]
[SourceDate "2003.03.07"]
[SourceVersion "1"]
[SourceVersionDate "2003.03.07"]
[SourceQuality "1"]

1. d4 d5 2. c4 dxc4 3. e4 Nf6 4. e5 Nd5 5. Bxc4 Nb6 6. Bb3 Bf5 7. Nc3 e6 8. Be3
Nc6 9. Nge2 Qd7 10. O-O O-O-O 11. Bc2 Bxc2 12. Qxc2 h5 13. Rfd1 h4 14. h3 Nb4
15. Qb3 Be7 16. a4 N6d5 17. Bd2 Kb8 18. Ne4 f5 19. Bxb4 Bxb4 20. N4c3 Be7 21.
Nxd5 exd5 22. Qc3 Rh6 23. b4 Rc6 24. Qd2 g5 25. b5 Rc4 26. Rdc1 Qe6 27. Rxc4
dxc4 28. Qc2 g4 29. hxg4 fxg4 30. Rc1 Bg5 31. Qxc4 Qd7 32. Rc3 Re8 33. Qd3 Qe6
34. f4 gxf3 35. Qxf3 Bd8 36. a5 a6 37. Nf4 Qh6 38. bxa6 Qxa6 39. Rb3 c6 40. Ng6
Bxa5 41. Qf7 Rc8 42. Ne7 Rc7 43. Qf8+ Ka7 44. Nc8+ Rxc8 45. Qxc8 Bb6 46. Qd7
Qa2 47. Rxb6 Kxb6 48. Qd8+ Kb5 49. Qxh4 Qe2 50. Qf6 Qd1+ 51. Qf1+ Qxf1+ 52.
Kxf1 Kc4 53. e6 1-0